Statistics for Mandarin Chinese with tones

Click here to take the quiz!

General Stats

  • This quiz has been taken 31 times
  • The average score is 9 of 15

Answer Stats

Mandarin wordEnglish translation% Correct
lǎoshīTeacher
96%
shénmeWhat
92%
xǐhuānLike
88%
xiǎoSmall
88%
rénPeople
75%
nǎlǐWhere
75%
shéiWho
75%
zhèlǐHere
67%
xuéshengStudent
67%
xuéxíLearn
63%
dáàBig
46%
fàngPut
33%
tíngzhǐStop
33%
bìxūMust
21%
Take
21%

Score Distribution

Percentile by Number Answered

Percent of People with Each Score

Your Score History

You have not taken this quiz